000 00830cam a2200193 4500
001 ABS66632
008 030429n2003 000 0 eng u
035 _a(Sirsi) u122126
100 _aDegan, L.
245 _aCure-all or curse?
260 _c2003
490 _aProject
_v15(10) April 2003, 10-12(3)
520 _aExamines why Programme and Project Management (PPM) is becoming widely adopted. Suggests it may be the result of the financial sector facing up to the challenges of modern highly competitive industries. Lists some of the circumstances where PPM can help clarify project objectives, improve communication and reinforce leadership amongst other advantages.
590 _aABS
650 _aPROGRAMME AND PROJECT MANAGEMENT
650 _aFINANCIAL SERVICES
690 _aProject management
_96261
942 _n0
999 _c72575
_d72575